| 000 | 00814nam a2200277Ia 4500 | ||
|---|---|---|---|
| 008 | 160803s9999 xx 000 0 und d | ||
| 020 | _a0 439217377 | ||
| 100 | _aTurner, Priscilla | ||
| 245 | _aAmong the odds & evens : | ||
| 245 | _ba tale of adventure / | ||
| 245 | _cPriscilla Turner ; pictures by Whitney Turner. | ||
| 260 | _aNew York : | ||
| 260 | _bScholastic Inc. | ||
| 260 | _c1999 | ||
| 300 | _a1 volume (unpaged) : | ||
| 300 | _bcolor illustrations ; | ||
| 300 | _c28 cm | ||
| 500 | _a"Publisehd by Scholastic Inc. ... by arrangement with Farrar Straus & Giroux, Inc." | ||
| 650 | _aAlphabet -- | ||
| 650 | _aMathematics -- | ||
| 650 | _aNumbers, Natural -- | ||
| 650 | _xJuvenile fiction. | ||
| 650 | _xJuvenile fiction. | ||
| 650 | _xJuvenile fiction. | ||
| 700 | _a560 | ||
| 999 |
_c299293 _d299293 |
||